Guess The Animal by Picture - Statistics

General Stats
  • This quiz has been taken 144 times
  • The average score is 12 of 16
Answer Stats
Picture Answer % Correct
Elephant
96%
Giraffe
94%
Spider
94%
Rabbit
93%
Cheetah
92%
Chicken
92%
Snake
90%
Golden Eagle
87%
Alpaca
80%
Buffalo
80%
Bison
75%
Jaguar
74%
Chipmunk
63%
Meerkat
61%
Skink
15%
Osprey
9%
No matching quizzes found
Score Distribution
Percent of People with Each Score
Percentile by Number Answered
Your Score History
You have not taken this quiz